00660nam a2200205 n 4500001001100000003000500011005001700016008004100033020001400074040002500088082001600113245010000129264008300229300002600312336002100338337002500359338002300384650001700407700003000424C2-0275050PPAK20230820102507.0061011s2003 maya g a 0 p may d qpaperback aPPAKbengcPPAKerda04223a899.23100aSANKALAKIRI :bAntologi Puisi/Cerpen Sempena DIALOG UTARA X /cDiselnggarakan oleh Anuar Asmadi 1a[Kuala Lumpur] :bGabungan Persatuan Penulis Nasional Malaysia (GAPENA),c2003 avi, 72 pages ;c21 cm 2rdacontentatext 2rdamediaaunmediated 2rdacarrieravolume10aMalay Poetry0 aAnuar Asmadi, ecompiler.